| 000 | 01171nam a2200313 i 4500 | ||
|---|---|---|---|
| 003 | DO-SdBNP | ||
| 005 | 20250909143337.0 | ||
| 007 | ta | ||
| 008 | 250909b1996 dr ||||| |||| 00| 0 spa d | ||
| 020 | _a8484002381 | ||
| 040 |
_aDO-SdBNP _bspa _cBNPHU _erda |
||
| 041 | _aspa | ||
| 082 | 4 |
_axxx _bxxx _222 |
|
| 100 |
_aVásquez Perrotta, Manuel Ramón, _d1965- _eautor _4aut. _99312 |
||
| 245 | 1 | 0 |
_aCrímenes y delitos de computadora y alta tecnología en República Dominicana / _cManuel Ramón Vásquez Perrotta ; prólogo, Luis Heredia Bonetti, Miguel Angel Heredia Bonetti |
| 250 | _aPrimera edición | ||
| 264 | 4 |
_aSanto Domingo : _bEditora Taller, _c©1996. |
|
| 300 |
_a120 páginas ; _c22 cm. |
||
| 336 |
_atexto _btxt _2rdacontent |
||
| 337 |
_asin mediación _bn _2rdamedia |
||
| 338 |
_avolumen _bnc _2rdacarrier |
||
| 500 | _aIncluye datos biográficos del autor en la solapa de la cubierta | ||
| 504 | _aBibliografía : páginas 113-120 | ||
| 590 | _aInventariado, 2025/BT | ||
| 700 | 1 |
_aHeredia Bonetti, Luis, _eprologuista _4pr. _99316 |
|
| 700 | 1 |
_aHeredia Bonetti, Miguel Angel, _eprologuista _4pr. _987059 |
|
| 910 | _aBtavárez | ||
| 942 |
_2ddc _cLBS1 |
||
| 999 |
_c59869 _d59869 |
||